| 000 | 00453nam a22001337a 4500 | ||
|---|---|---|---|
| 999 |
_c63319 _d63319 |
||
| 005 | 20250908153721.0 | ||
| 008 | 250908c2024 ge ||||| |||| 00| 0 geo d | ||
| 041 | _ageo | ||
| 245 |
_aსაქართველოს საკონსტიტუციო სასამართლო = Counstitutional court of Georgia / _b2024. |
||
| 260 |
_aბათუმი, _c2024. |
||
| 300 | _aV. | ||
| 653 | _aსამართალი | ||
| 942 |
_2udc _cCR |
||